000 00505nam a2200169 i 4500
001 99539
003 ES-MaACL
005 20230906182519.0
007 t|
008 050913s1961 sp ||||1| spa d
100 1 _aMartínez, Luis María.
_977784
245 1 0 _aApuntes de ejercicios espirituales /
_cMons. Luis M. Martínez; notas de J. G. Treviño.
260 _aMadrid :
_bStudium,
_c1961.
300 _a163 p. ;
_c18 cm.
700 1 _aTreviño, J. G.
_9111350
852 _aES-MaACL
_jF-14074
_bR.48111
999 _c99539
_d99539